|
|
|
|
| LEADER |
01206nam a22003132a 4500 |
| 001 |
000179126 |
| 003 |
CZ BrMZK |
| 005 |
20080304071235.0 |
| 007 |
ta |
| 008 |
010907s1991 xr f cze d |
| 015 |
|
|
|a cnb000065715
|
| 035 |
|
|
|a (OCoLC)39595853
|
| 040 |
|
|
|a BOA001
|b cze
|
| 080 |
9 |
|
|a 622.7(075.8)
|
| 100 |
1 |
|
|a Kozák, Jiří
|7 xx0059552
|4 aut
|
| 245 |
1 |
0 |
|a Úpravnická technologická analýza /
|c Jiří Kozák, Jiří Botula
|
| 250 |
|
|
|a 1. vyd.
|
| 260 |
|
|
|a Ostrava :
|b VŠB-Technická univerzita,
|c 1991
|
| 300 |
|
|
|a 321 s.
|
| 504 |
|
|
|a Obsahuje bibliografii
|
| 700 |
1 |
|
|a Botula, Jiří,
|d 1959-
|7 mzk2004221400
|4 aut
|
| 910 |
|
|
|a BOA001
|b TK-A-0248.944
|b 4-0975.669
|
| 920 |
|
|
|a 000194688
|
| 964 |
|
|
|a Suroviny nerostné - úpravnictví - učebnice - školy vysoké
|
| 964 |
|
|
|a Úpravnictví - suroviny nerostné - učebnice - školy vysoké
|
| 990 |
|
|
|a BK
|
| 996 |
7 |
|
|b 2619943479
|c 4-0975.669
|l MZK
|r Sklad / do 1 hodiny
|n 3
|w 000179126
|u 000030
|a 1
|e BOA001
|j MZK50
|s A
|
| 996 |
7 |
|
|b 2629989317
|c TK-A-0248.944
|l MZK
|r Sklad / do 24 hodin
|n 0
|w 000179126
|u 000020
|a 1
|e BOA001
|j MZK50
|s A
|
| 996 |
7 |
|
|b 2629989318
|c TK-A-0248.944
|l MZK
|r Sklad / do 24 hodin
|n 2
|w 000179126
|u 000010
|a 1
|e BOA001
|j MZK50
|s A
|